[Event "Euskadi-chT (Vasca) Div 1st"]
[Site "Bergara"]
[Date "2016.??.??"]
[Round "9.1"]
[White "Monje Peinado, Roberto"]
[Black "Fuente San Sebastian, Ernesto"]
[Result "1-0"]
[WhiteElo "2041"]
[BlackElo "1853"]
[PlyCount "49"]
[EventDate "2016.01.09"]
[EventType "team-tourn"]
[EventRounds "9"]
[EventCountry "ESP"]
[SourceTitle "EXT 2024"]
[Source "ChessBase"]
[SourceDate "2023.10.10"]
[SourceVersion "1"]
[SourceVersionDate "2023.10.10"]
[SourceQuality "1"]

1. d4 Nf6 2. c4 e5 3. dxe5 Ng4 4. Nf3 Bc5 5. e3 Nc6 6. Nc3 Ngxe5 7. Nxe5 Nxe5 8. Be2 0-0 9. 0-0 Re8 10. b3 Be7 11. Bb2 Bf6 12. Qc2 b6 13. Nd5 Bb7 14. f4 Ng6 15. Nxf6+ gxf6 16. Bf3 Bc6 17. Bxc6 dxc6 18. Rf3 Qe7 19. Rg3 Kf8 20. Qf5 Qe6 21. Qxe6 fxe6 22. Bxf6 Kf7 23. Bg5 Ne7 24. Rh3 Kg7 25. Rd1 1-0

[Event "Euskadi-chT (Vasca) Div 1st"]
[Site "Bergara"]
[Date "2014.01.25"]
[Round "3.5"]
[White "Trigo Urquijo, Sergio"]
[Black "Monje Peinado, Roberto"]
[Result "1/2-1/2"]
[WhiteElo "2245"]
[BlackElo "2053"]
[PlyCount "110"]
[EventDate "2014.01.11"]
[EventType "team-tourn"]
[EventRounds "9"]
[EventCountry "ESP"]
[SourceTitle "EXT 2024"]
[Source "ChessBase"]
[SourceDate "2023.10.10"]
[SourceVersion "1"]
[SourceVersionDate "2023.10.10"]
[SourceQuality "1"]

1. d4 f5 2. Nf3 Nf6 3. g3 g6 4. Bg2 Bg7 5. 0-0 0-0 6. b3 d6 7. Bb2 Ne4 8. Nbd2 Nxd2 9. Qxd2 Nd7 10. c4 c6 11. d5 Bxb2 12. Qxb2 cxd5 13. cxd5 Nf6 14. Nd4 Qa5 15. b4 Qb6 16. a4 a5 17. Rfb1 axb4 18. Qxb4 Qxb4 19. Rxb4 Ra5 20. Ne6 Re8 21. Nc7 Rd8 22. Rb5 Rxb5 23. axb5 Nd7 24. Ne6 Re8 25. Rc1 Nb6 26. Rc7 Na8 27. Rc1 Bd7 28. Nd4 Rc8 29. Ra1 Nb6 30. Ra7 Rc1+ 31. Bf1 Bc8 32. e3 Nxd5 33. Nb3 Rb1 34. Nd2 Rd1 35. Nc4 Kg7 36. Kg2 Rb1 37. Be2 Rb4 38. Bf3 Rxb5 39. Bxd5 Rxd5 40. Nb6 Rc5 41. Nxc8 Rxc8 42. Rxb7 Kf6 43. h4 h6 44. Rb2 d5 45. Kf3 g5 46. hxg5+ hxg5 47. Ke2 g4 48. Kd3 Ke5 49. Ra2 Rb8 50. Ke2 Rb6 51. Kd3 Kd6 52. Kc3 Ke5 53. Ra5 Kd6 54. Ra2 Rb1 55. Kd3 Rb6 1/2-1/2

[Event "Navarra-chT Preferente"]
[Site "Navarra"]
[Date "2012.10.13"]
[Round "1.5"]
[White "Monje Peinado, Roberto"]
[Black "Peteiro Osta, Luis Angel"]
[Result "1/2-1/2"]
[WhiteElo "2065"]
[BlackElo "1903"]
[PlyCount "113"]
[EventDate "2012.10.13"]
[EventType "team"]
[EventRounds "7"]
[EventCountry "ESP"]
[SourceTitle "EXT 2014"]
[Source "ChessBase"]
[SourceDate "2013.11.20"]
[SourceVersion "1"]
[SourceVersionDate "2013.11.20"]
[SourceQuality "1"]
[WhiteTeam "Orvina"]
[BlackTeam "Nuevo Casino"]
[WhiteTeamCountry "ESP"]
[BlackTeamCountry "ESP"]

1. d4 Nf6 2. c4 e6 3. g3 d5 4. Nf3 dxc4 5. Bg2 c5 6. 0-0 Nc6 7. Qa4 Bd7 8. Qxc4 cxd4 9. Nxd4 Rc8 10. Rd1 Nxd4 11. Qxd4 Bc5 12. Qf4 Qb6 13. Nd2 Bc6 14. Nc4 Qc7 15. Qxc7 Rxc7 16. Bf4 Rc8 17. Rac1 0-0 18. Bxc6 Rxc6 19. Na5 Rcc8 20. Nxb7 Bb6 21. a4 Ne4 22. e3 g5 23. Bd6 Rxc1 24. Rxc1 Nxd6 25. Nxd6 Rd8 26. Ne4 h6 27. b4 Rd3 28. a5 Bd8 29. Rc8 Kg7 30. Nc5 Rd1+ 31. Kg2 Be7 32. Na6 Rd7 33. b5 Bd6 34. Rc6 Kf8 35. b6 Ke7 36. Nc7 axb6 37. axb6 Kd8 38. Nb5 Bb8 39. Kf3 Rb7 40. Kg4 Kd7 41. Rc2 Rxb6 42. Nd4 Be5 43. Kh5 Bg7 44. Ra2 Ke7 45. f4 Bxd4 46. exd4 gxf4 47. gxf4 Kf6 48. Kxh6 Rb8 49. Kh7 Rd8 50. Ra4 Rd5 51. Kg8 Rd8+ 52. Kh7 Rd7 53. h4 Kf5 54. Kh6 f6 55. h5 Rc7 56. Rb4 Rd7 57. Ra4 1/2-1/2

[Event "Euskadi-chT (Vasca) Div Honor"]
[Site "Bergara"]
[Date "2011.03.05"]
[Round "9.3"]
[White "Monje Peinado, Roberto"]
[Black "Etchegaray, Patrice"]
[Result "0-1"]
[WhiteElo "2057"]
[BlackElo "2378"]
[PlyCount "108"]
[EventDate "2011.01.08"]
[EventType "team-tourn"]
[EventRounds "9"]
[EventCountry "ESP"]
[SourceTitle "EXT 2024"]
[Source "ChessBase"]
[SourceDate "2023.10.10"]
[SourceVersion "1"]
[SourceVersionDate "2023.10.10"]
[SourceQuality "1"]

1. d4 Nf6 2. c4 Nc6 3. Nf3 e6 4. Nc3 Bb4 5. Qc2 d6 6. a3 Bxc3+ 7. Qxc3 0-0 8. Bg5 h6 9. Bh4 g5 10. Bg3 Ne4 11. Qc2 f5 12. e3 Qf6 13. Bd3 Nxg3 14. hxg3 e5 15. dxe5 dxe5 16. e4 g4 17. Nh4 Nd4 18. Qd2 Nb3 19. Qe2 Nxa1 20. exf5 Nb3 21. c5 Nd4 22. Qxg4+ Qg5 23. Qxg5+ hxg5 24. Ng6 Bxf5 25. Bxf5 Nxf5 26. Nxf8 Rxf8 27. Rh5 Kg7 28. Rxg5+ Kf6 29. Rh5 Rd8 30. Rh7 Ne7 31. Ke2 Rd5 32. b4 a5 33. Rh6+ Kg7 34. Rh4 Nf5 35. Rc4 Rd4 36. Rxd4 Nxd4+ 37. Kd3 axb4 38. axb4 Kf6 39. Ke4 Ke6 40. f4 Nc2 41. b5 Nd4 42. g4 Nxb5 43. f5+ Kf6 44. g5+ Kxg5 45. Kxe5 Nc3 46. g4 Na4 47. Kd5 Kf6 48. Kd4 c6 49. Kc4 Ke5 50. Kb4 Nb2 51. Ka5 Nc4+ 52. Kb4 Ne3 53. Ka5 Nxg4 54. Kb6 Kd5 0-1

[Event "Euskadi-chT (Vasca) Div Honor"]
[Site "Bergara"]
[Date "2011.01.29"]
[Round "4"]
[White "Monje Peinado, Roberto"]
[Black "Rodriguez Cabrera, Francisco Javier"]
[Result "1-0"]
[WhiteElo "2057"]
[BlackElo "1979"]
[PlyCount "71"]
[EventDate "2011.01.08"]
[EventType "team-tourn"]
[EventRounds "9"]
[EventCountry "ESP"]
[SourceTitle "EXT 2024"]
[Source "ChessBase"]
[SourceDate "2023.10.10"]
[SourceVersion "1"]
[SourceVersionDate "2023.10.10"]
[SourceQuality "1"]

1. d4 Nf6 2. c4 g6 3. Nc3 Bg7 4. e4 d6 5. Be2 0-0 6. Bg5 h6 7. Be3 e5 8. d5 c6 9. Qd2 Kh7 10. f3 Nh5 11. g4 Nf4 12. Bxf4 exf4 13. Qxf4 b5 14. cxb5 cxd5 15. Nxd5 Bxb2 16. Rb1 Be5 17. Qe3 Bb7 18. Bc4 Nd7 19. Ne2 Rc8 20. Rc1 Nc5 21. 0-0 Bxd5 22. Bxd5 Qh4 23. Rf2 f5 24. gxf5 gxf5 25. f4 Bf6 26. exf5 Rce8 27. Be6 Rg8+ 28. Kh1 Nxe6 29. fxe6 Qg4 30. Qe4+ Kh8 31. Rg1 Qxe6 32. Qxe6 Rxe6 33. Rxg8+ Kxg8 34. Ng3 Bd4 35. Rd2 Bc5 36. Kg2 1-0

[Event "Euskadi-chT"]
[Site "Bergara"]
[Date "2010.02.27"]
[Round "7.5"]
[White "Monje Peinado, Roberto"]
[Black "Alvarez Ponga, Inge"]
[Result "1-0"]
[WhiteElo "2013"]
[BlackElo "1947"]
[PlyCount "75"]
[EventDate "2010.01.09"]
[EventType "team-tourn"]
[EventRounds "9"]
[EventCountry "ESP"]
[SourceTitle "EXT 2011"]
[Source "ChessBase"]
[SourceDate "2010.11.26"]
[SourceVersion "1"]
[SourceVersionDate "2010.11.26"]
[SourceQuality "1"]

1. d4 e6 2. c4 d5 3. Nf3 Nf6 4. g3 Be7 5. Bg2 0-0 6. 0-0 b6 7. cxd5 exd5 8. Nc3 Bb7 9. Qc2 Na6 10. Bf4 c6 11. Ne5 Bd6 12. Bg5 Re8 13. Qf5 Bc8 14. Qd3 Bxe5 15. dxe5 Rxe5 16. f4 Re8 17. e4 Nc5 18. Qc2 dxe4 19. Rad1 Qe7 20. b4 Nd3 21. Nxe4 Nxb4 22. Qb2 Nbd5 23. Bxf6 gxf6 24. Rxd5 cxd5 25. Nxf6+ Kf8 26. Nxh7+ Kg8 27. Nf6+ Kf8 28. Nxd5 Qc5+ 29. Kh1 f5 30. Qh8+ Kf7 31. Qh7+ Ke6 32. Re1+ Kd6 33. Rd1 Bb7 34. Qxb7 Qf2 35. Nc7+ Kc5 36. Nxe8 Rxe8 37. Qc6+ Kb4 38. Qxe8 1-0

[Event "Euskadi-chT"]
[Site "Bergara"]
[Date "2010.01.16"]
[Round "2.4"]
[White "Marchena Hurtado, Javier"]
[Black "Monje Peinado, Roberto"]
[Result "0-1"]
[WhiteElo "1787"]
[BlackElo "2013"]
[PlyCount "68"]
[EventDate "2010.01.09"]
[EventType "team-tourn"]
[EventRounds "9"]
[EventCountry "ESP"]
[SourceTitle "EXT 2011"]
[Source "ChessBase"]
[SourceDate "2010.11.26"]
[SourceVersion "1"]
[SourceVersionDate "2010.11.26"]
[SourceQuality "1"]

1. e4 c5 2. Nf3 Nc6 3. d4 cxd4 4. Nxd4 g6 5. Nc3 Bg7 6. Be3 Nf6 7. Be2 0-0 8. Nb3 d6 9. 0-0 Bd7 10. f4 Rc8 11. Bf3 Na5 12. Nxa5 Qxa5 13. Kh1 Bc6 14. Bd4 e5 15. fxe5 dxe5 16. Bg1 Qb4 17. Nd5 Bxd5 18. exd5 Qxb2 19. Bxa7 Rxc2 20. Qe1 e4 21. Rb1 Qxa2 22. Ra1 Qxd5 23. Be2 Qd2 24. Qxd2 Rxd2 25. Rfe1 Ra8 26. Bf1 Nd5 27. Ra3 Nc3 28. h3 b5 29. Bc5 Rxa3 30. Bxa3 Bd4 31. Bb4 Rf2 32. Bxc3 Bxc3 33. Rxe4 Rxf1+ 34. Kh2 b4 0-1

[Event "ESP-chT2 Gr1"]
[Site "Padron"]
[Date "2009.08.06"]
[Round "2"]
[White "Monje Peinado, Roberto"]
[Black "Monell Camarasa, David"]
[Result "1/2-1/2"]
[WhiteElo "2072"]
[BlackElo "2230"]
[PlyCount "104"]
[EventDate "2009.08.05"]
[EventType "team-swiss"]
[EventRounds "6"]
[EventCountry "ESP"]
[SourceTitle "CBM 131 Extra"]
[Source "ChessBase"]
[SourceDate "2009.09.03"]
[SourceVersion "2"]
[SourceVersionDate "2009.09.16"]
[SourceQuality "1"]

1. d4 d5 2. c4 c6 3. Nf3 Nf6 4. e3 a6 5. Qc2 b5 6. b3 e6 7. Bd3 Bd6 8. 0-0 0-0 9. Nbd2 Nbd7 10. Bb2 g6 11. a4 b4 12. cxd5 cxd5 13. Qc6 Qc7 14. Rac1 Qxc6 15. Rxc6 Bb8 16. h3 Bb7 17. Rc2 Bd6 18. Ne5 Rfc8 19. Rfc1 Rxc2 20. Rxc2 Kf8 21. f3 Rc8 22. Rxc8+ Bxc8 23. Kf2 Nb8 24. Nf1 Bb7 25. Be2 Ke7 26. Bc1 Nfd7 27. Nd3 Nc6 28. Bb2 Na5 29. Nd2 f6 30. f4 f5 31. Bd1 Nf6 32. Ke2 Ne4 33. Nxe4 dxe4 34. Nc1 Kd7 35. Kd2 Nc6 36. Be2 h6 37. Bc4 Na5 38. Kc2 g5 39. g3 Ke7 40. Ne2 Bd5 41. Bxd5 exd5 42. Bc1 Kf6 43. Bd2 Nc6 44. Be1 Nd8 45. Kd1 Ne6 46. Kc2 Kg6 47. Kd1 a5 48. Bf2 h5 49. fxg5 Nxg5 50. h4 Nf7 51. Nf4+ Bxf4 52. gxf4 Kf6 1/2-1/2

[Event "Brno op"]
[Site "Brno"]
[Date "2005.07.03"]
[Round "2"]
[White "Monje Peinado, Roberto"]
[Black "Vukovic, Ivo"]
[Result "0-1"]
[WhiteElo "2023"]
[BlackElo "2189"]
[PlyCount "88"]
[EventDate "2005.07.02"]
[EventType "swiss"]
[EventRounds "7"]
[EventCountry "CZE"]
[SourceTitle "EXT 2006"]
[Source "ChessBase"]
[SourceDate "2005.11.24"]
[SourceVersion "1"]
[SourceVersionDate "2005.11.24"]
[SourceQuality "1"]

1. d4 Nf6 2. c4 d6 3. Nc3 Nbd7 4. e4 e5 5. Nf3 Be7 6. Be2 0-0 7. 0-0 c6 8. h3 Re8 9. Qc2 Qc7 10. Be3 Bf8 11. Rad1 g6 12. dxe5 dxe5 13. Nd2 b6 14. a3 a5 15. Na4 Rb8 16. Nb3 Ba6 17. Rd2 c5 18. Rfd1 Rbd8 19. Nc3 Be7 20. Nd5 Nxd5 21. cxd5 Bxe2 22. Rxe2 c4 23. a4 Rc8 24. Rc1 Bb4 25. Nd2 Bxd2 26. Rxd2 Qb7 27. Qd1 b5 28. axb5 Qxb5 29. Qe2 Rc7 30. d6 Rc6 31. Rd5 Qb4 32. Qd2 Rb8 33. Qxb4 axb4 34. Kf1 f6 35. Ke2 Kf7 36. f3 Ke6 37. Bf2 Ra8 38. Rb5 b3 39. Rd1 Ra2 40. Rd2 Rxd6 41. Rbd5 Rxd5 42. exd5+ Kd6 43. g3 c3 44. bxc3 b2 0-1

[Event "Euskadi-chTA"]
[Site "Euskadi"]
[Date "2000.12.02"]
[Round "3"]
[White "Garrido Legarreta, Jose Javier"]
[Black "Monje Peinado, Roberto"]
[Result "1-0"]
[WhiteElo "2145"]
[BlackElo "1841"]
[PlyCount "65"]
[EventDate "2000.11.18"]
[EventType "team"]
[EventRounds "9"]
[EventCountry "ESP"]
[SourceTitle "EXT 2006"]
[Source "ChessBase"]
[SourceDate "2005.11.24"]
[SourceVersion "1"]
[SourceVersionDate "2005.11.24"]
[SourceQuality "1"]

1. e4 c6 2. c4 d5 3. cxd5 cxd5 4. exd5 a6 5. Nc3 Nf6 6. Qb3 Nbd7 7. d4 Nb6 8. Bc4 Nxc4 9. Qxc4 b5 10. Qb3 Bb7 11. a4 Qa5 12. Nge2 Nxd5 13. 0-0 b4 14. Nf4 Nxf4 15. Bxf4 e6 16. Rfe1 Rd8 17. Re5 Bd5 18. Nxd5 Rxd5 19. Rc1 Rxe5 20. Bxe5 Be7 21. Rc8+ Bd8 22. Bc7 Qxc7 23. Rxc7 Bxc7 24. Qc4 Kd7 25. Qxa6 Rb8 26. b3 Rb6 27. Qc4 Rc6 28. Qb5 Bd6 29. g3 Kc7 30. a5 Rc3 31. a6 Rxb3 32. Qb7+ Kd8 33. a7 1-0